[Event "LUX-ch U18"]
[Site "Bonnevoie"]
[Date "2000.02.26"]
[Round "1"]
[White "Cirikovic, Nedim"]
[Black "Haas, Dirk"]
[Result "0-1"]
[WhiteElo "1300"]
[BlackElo "1509"]
[PlyCount "80"]
[EventDate "2000.02.26"]
[EventType "swiss"]
[EventRounds "7"]
[EventCountry "LUX"]
[SourceTitle "EXT 2005"]
[Source "ChessBase"]
[SourceDate "2004.11.15"]
[SourceVersion "1"]
[SourceVersionDate "2004.11.15"]
[SourceQuality "1"]

1. e4 c6 2. e5 g6 3. Nc3 Bg7 4. d3 Bxe5 5. Na4 Nf6 6. d4 Bd6 7. Nc5 Bxc5 8. dxc5 Qa5+ 9. Ke2 Qxc5 10. Nf3 b6 11. Be3 Ba6+ 12. Kd2 Qb4+ 13. Kc1 c5 14. Bd2 Qe4 15. Qe1 Bb7 16. a3 Nc6 17. Qe2 Rc8 18. Qxe4 Nxe4 19. Bd3 Nxf2 20. Ne1 Nxh1 21. Bf4 Nf2 22. Bd2 Nxd3+ 23. Nxd3 Nd4 24. Bc3 Ne2+ 25. Kd2 Nxc3 26. Kxc3 Bxg2 27. Rg1 Bb7 28. Kc4 d5+ 29. Kc3 d4+ 30. Kd2 f6 31. b3 e5 32. b4 Ba6 33. Nxc5 bxc5 34. bxc5 Rxc5 35. Rg4 f5 36. Ke1 fxg4 37. Kd2 Ke7 38. Kc1 d3 39. Kd2 dxc2 40. h3 c1Q# 0-1

[Event "Luxembourg-ch"]
[Site "Luxembourg"]
[Date "1999.04.10"]
[Round "8"]
[White "Haas, Dirk"]
[Black "Schneider, Raymond"]
[Result "1-0"]
[WhiteElo "1460"]
[BlackElo "1516"]
[PlyCount "72"]
[EventDate "1999.04.03"]
[EventType "swiss"]
[EventRounds "9"]
[EventCountry "LUX"]
[SourceTitle "EXT 2005"]
[Source "ChessBase"]
[SourceDate "2004.11.15"]
[SourceVersion "1"]
[SourceVersionDate "2004.11.15"]
[SourceQuality "1"]

1. d4 d5 2. c4 Nf6 3. Nc3 e6 4. Bg5 Be7 5. e3 h6 6. Bh4 Bd7 7. Nf3 Nc6 8. cxd5 exd5 9. h3 0-0 10. Bxf6 Bxf6 11. Nxd5 Re8 12. Bc4 Be6 13. Nxf6+ Qxf6 14. Bb5 Rad8 15. Bxc6 bxc6 16. 0-0 Qg6 17. Ne5 Qe4 18. Qf3 Qxf3 19. Nxf3 Rd6 20. a3 Bd5 21. Nh4 Re4 22. Nf5 Rf6 23. Ng3 Rh4 24. Rac1 Be4 25. Rc5 Re6 26. Ra5 a6 27. Nxe4 Rexe4 28. Rxa6 Re6 29. Rc1 c5 30. Rxe6 fxe6 31. Rxc5 Kf7 32. Rxc7+ Kf6 33. b4 Rh5 34. Rc5 Rxc5 35. dxc5 Ke7 36. c6 Kd8 1-0